[Event "Lonigo CIS 54th Serie A1 Girone 2"]
[Site "Lonigo"]
[Date "2023.05.19"]
[Round "1.2"]
[White "Marchesich, Giovanni"]
[Black "Bonagura, Stefano"]
[Result "1-0"]
[WhiteElo "2217"]
[BlackElo "2253"]
[PlyCount "145"]
[EventDate "2023.05.19"]
[EventType "team-tourn"]
[EventRounds "5"]
[EventCountry "ITA"]
[SourceTitle "EXT 2024"]
[Source "ChessBase"]
[SourceDate "2023.10.10"]
[SourceVersion "1"]
[SourceVersionDate "2023.10.10"]
[SourceQuality "1"]
[WhiteTeam "Palmanova Palmascacchi Blacks"]
[BlackTeam "Trento UTS"]
[WhiteTeamCountry "ITA"]
[BlackTeamCountry "ITA"]

1. e4 c6 2. Nf3 d5 3. d3 g6 4. e5 Bg4 5. d4 Nh6 6. Nbd2 f6 7. h3 Bxf3 8. Nxf3 Nf7 9. exf6 exf6 10. Bd3 Qe7+ 11. Be3 Bg7 12. 0-0 0-0 13. Re1 Nd7 14. Bf4 Qd8 15. Qd2 f5 16. Ne5 Nf6 17. Nxf7 Rxf7 18. f3 Nh5 19. Be5 Qh4 20. Qf2 Qxf2+ 21. Kxf2 Bh6 22. g3 Re8 23. Bd6 Rd8 24. Bb4 Bg7 25. c3 Bf6 26. f4 Ng7 27. Re2 b6 28. Rae1 Rc7 29. Be7 Bxe7 30. Rxe7 Rdd7 31. Rxd7 Rxd7 32. b4 Kf7 33. g4 Re7 34. Re5 Rxe5 35. dxe5 fxg4 36. hxg4 Ke6 37. Kg3 g5 38. Bxh7 gxf4+ 39. Kxf4 Kf7 40. Bf5 c5 41. bxc5 bxc5 42. g5 Nh5+ 43. Kg4 Ng7 44. g6+ Ke7 45. Kg5 c4 46. Bg4 d4 47. cxd4 c3 48. Bd1 Ne6+ 49. Kh6 Nxd4 50. Kh7 Nf5 51. Bb3 Kf8 52. Bd1 Ke7 53. Bb3 Kf8 54. a4 Ng7 55. Bd1 Ne6 56. Bb3 Ng7 57. Kh8 a5 58. Kh7 Ne8 59. e6 Nf6+ 60. Kh8 Ne8 61. g7+ Nxg7 62. e7+ Kxe7 63. Kxg7 Kd6 64. Kf6 Kc5 65. Ke5 Kb4 66. Bc2 Ka3 67. Kd4 Kb2 68. Kd3 Kc1 69. Bb3 Kb2 70. Kc4 Ka3 71. Bc2 Kb2 72. Bf5 Ka3 73. Kb5 1-0

[Event "Vienna op"]
[Site "Vienna"]
[Date "2015.08.21"]
[Round "7"]
[White "Froewis, Georg"]
[Black "Bonagura, Stefano"]
[Result "1-0"]
[WhiteElo "2434"]
[BlackElo "2285"]
[PlyCount "85"]
[EventDate "2015.08.15"]
[EventType "swiss"]
[EventRounds "9"]
[EventCountry "AUT"]
[SourceTitle "EXT 2016"]
[Source "ChessBase"]
[SourceDate "2015.10.08"]
[SourceVersion "1"]
[SourceVersionDate "2015.10.08"]
[SourceQuality "1"]

1. Nf3 d5 2. g3 c6 3. Bg2 Bg4 4. c4 e6 5. cxd5 Bxf3 6. Bxf3 cxd5 7. d3 Nc6 8. 0-0 Nf6 9. Nc3 a6 10. e4 dxe4 11. dxe4 Bc5 12. e5 Nxe5 13. Bxb7 Qxd1 14. Rxd1 Ra7 15. Bg2 Neg4 16. Rd2 0-0 17. Na4 Bb4 18. Rc2 Rd7 19. Bf3 Ne5 20. Be2 Rfd8 21. a3 Be7 22. b4 Ne4 23. Be3 Bf6 24. Re1 h6 25. Kg2 Rd6 26. f3 Nd2 27. f4 Ng6 28. Nc5 Bd4 29. Bxd4 Rxd4 30. Bxa6 Ne7 31. Bd3 Nb3 32. Be4 Nd2 33. b5 Nc4 34. Nb3 Rxe4 35. Rxe4 Nxa3 36. Rc5 Rd3 37. Rb4 Nd5 38. Rxd5 Rxd5 39. b6 Rd8 40. b7 Rb8 41. Nd4 g5 42. Nc6 Nc2 43. Rb2 1-0

[Event "Arco op 35th"]
[Site "Arco"]
[Date "2013.10.18"]
[Round "7"]
[White "Ivanov, Mikhail M"]
[Black "Bonagura, Stefano"]
[Result "1/2-1/2"]
[WhiteElo "2347"]
[BlackElo "2183"]
[PlyCount "71"]
[EventDate "2013.10.12"]
[EventType "swiss"]
[EventRounds "9"]
[EventCountry "ITA"]
[SourceTitle "EXT 2014"]
[Source "ChessBase"]
[SourceDate "2013.11.20"]
[SourceVersion "1"]
[SourceVersionDate "2013.11.20"]
[SourceQuality "1"]

1. Nf3 d5 2. c4 c6 3. g3 Nf6 4. Bg2 g6 5. b3 Bg7 6. Bb2 0-0 7. d3 Bg4 8. Nbd2 Bxf3 9. Nxf3 Qa5+ 10. Qd2 Qxd2+ 11. Nxd2 e6 12. Rb1 a5 13. a3 Nbd7 14. e3 b5 15. cxb5 cxb5 16. Ke2 Rfc8 17. Rhc1 Rab8 18. f4 Ne8 19. Bxg7 Kxg7 20. Nf3 b4 21. a4 Rc3 22. Kd2 Nc5 23. Rxc3 bxc3+ 24. Kxc3 Nxa4+ 25. Kc2 Nc5 26. Nd4 Nd6 27. Ra1 Rc8 28. Ra3 Nf5 29. Nxf5+ gxf5 30. Kd2 Na6 31. Ra2 Nb4 32. Rb2 h5 33. d4 h4 34. gxh4 Kh6 35. Bf3 f6 36. h5 1/2-1/2

[Event "Arco op 35th"]
[Site "Arco"]
[Date "2013.10.16"]
[Round "5"]
[White "Ottaviani, Gianluca"]
[Black "Bonagura, Stefano"]
[Result "1/2-1/2"]
[WhiteElo "1983"]
[BlackElo "2183"]
[PlyCount "123"]
[EventDate "2013.10.12"]
[EventType "swiss"]
[EventRounds "9"]
[EventCountry "ITA"]
[SourceTitle "EXT 2014"]
[Source "ChessBase"]
[SourceDate "2013.11.20"]
[SourceVersion "1"]
[SourceVersionDate "2013.11.20"]
[SourceQuality "1"]

1. e4 c6 2. d4 d5 3. Nc3 dxe4 4. Nxe4 Nf6 5. Nxf6+ gxf6 6. c3 Nd7 7. Nf3 Nb6 8. g3 h5 9. Bg2 Bg4 10. h3 Be6 11. 0-0 Qd7 12. Kh2 0-0-0 13. a4 Nd5 14. a5 Bf5 15. Nh4 e5 16. Nxf5 Qxf5 17. h4 Kb8 18. dxe5 Bc5 19. Qf3 Qxf3 20. Bxf3 fxe5 21. c4 Nb4 22. Bg5 Rde8 23. Be4 Bd4 24. Rab1 c5 25. Kg2 Re6 26. Bd2 Ra6 27. f4 f6 28. fxe5 Bxe5 29. Bc3 Re6 30. Bf5 Rd6 31. Rbd1 Bd4 32. Rxd4 Rxd4 33. Bxd4 cxd4 34. Rd1 Rd8 35. Kf3 Kc7 36. Bg6 Kc6 37. Bxh5 Kc5 38. b3 Rh8 39. Bg6 Nc6 40. a6 Ne5+ 41. Ke4 bxa6 42. h5 d3 43. Kf5 Kd4 44. Kxf6 Rf8+ 45. Kg7 Rb8 46. Rxd3+ Nxd3 47. Bxd3 Kxd3 48. h6 Rxb3 49. h7 Rb7+ 50. Kh6 Rb8 51. g4 a5 52. g5 a4 53. g6 a3 54. g7 a2 55. h8Q Rb6+ 56. Kg5 a1Q 57. Qd8+ Kc2 58. g8Q Qe5+ 59. Kg4 Qe4+ 60. Kg5 Qe5+ 61. Kg4 Qe4+ 62. Kg5 1/2-1/2

[Event "Mare di Fano op 2nd"]
[Site "Fano"]
[Date "2013.08.02"]
[Round "7"]
[White "Klimentov, Evgeny"]
[Black "Bonagura, Stefano"]
[Result "0-1"]
[WhiteElo "2006"]
[BlackElo "2165"]
[PlyCount "92"]
[EventDate "2013.07.29"]
[EventType "swiss"]
[EventRounds "9"]
[EventCountry "ITA"]
[SourceTitle "EXT 2015"]
[Source "ChessBase"]
[SourceDate "2014.11.20"]
[SourceVersion "1"]
[SourceVersionDate "2014.11.20"]
[SourceQuality "1"]

1. e4 c6 2. c4 d5 3. exd5 cxd5 4. cxd5 Qxd5 5. Nc3 Qd8 6. Nf3 Nf6 7. Bb5+ Bd7 8. d4 Bxb5 9. Nxb5 Qa5+ 10. Nc3 Nc6 11. 0-0 e6 12. Bf4 Be7 13. a3 0-0 14. Qb3 b6 15. Rac1 Qf5 16. Bg3 Na5 17. Qa4 Rfd8 18. Ne5 Ng4 19. h3 Nxe5 20. dxe5 Nb7 21. b4 Bg5 22. Rcd1 Rdc8 23. Nb5 Qc2 24. Qxc2 Rxc2 25. Rd7 Nd8 26. Nxa7 Nc6 27. Nxc6 Rxc6 28. Rfd1 h5 29. h4 Bh6 30. Rd8+ Rxd8 31. Rxd8+ Kh7 32. Rd6 Rc3 33. Rxb6 Rxg3 34. a4 Ra3 35. a5 Ra1+ 36. Kh2 Bf4+ 37. g3 Bxe5 38. a6 Bd4 39. Rc6 Rb1 40. Rc4 Bxf2 41. Kg2 Bb6 42. Kf3 f5 43. Ke2 e5 44. Kd2 e4 45. Kc2 Ra1 46. b5 e3 0-1

[Event "Mare di Fano op 2nd"]
[Site "Fano"]
[Date "2013.07.31"]
[Round "3"]
[White "Bonagura, Stefano"]
[Black "Fathi, Hassan"]
[Result "0-1"]
[WhiteElo "2165"]
[BlackElo "1921"]
[PlyCount "118"]
[EventDate "2013.07.29"]
[EventType "swiss"]
[EventRounds "9"]
[EventCountry "ITA"]
[SourceTitle "EXT 2015"]
[Source "ChessBase"]
[SourceDate "2014.11.20"]
[SourceVersion "1"]
[SourceVersionDate "2014.11.20"]
[SourceQuality "1"]

1. c4 Nf6 2. g3 e5 3. Bg2 d6 4. Nc3 c6 5. e4 Be7 6. Nge2 0-0 7. 0-0 Be6 8. b3 Qc8 9. d4 Bh3 10. Ba3 Bxg2 11. Kxg2 Re8 12. Qc2 Nbd7 13. Rad1 Qc7 14. d5 c5 15. Bc1 Nf8 16. f4 N6d7 17. f5 Bd8 18. Be3 a6 19. Qd2 h6 20. Qd3 Nh7 21. Ng1 Bg5 22. Bf2 g6 23. h4 Bf6 24. fxg6 fxg6 25. Be3 Bg7 26. Qd2 h5 27. Nf3 Rf8 28. Bg5 Qc8 29. Qd3 Ndf6 30. Ne2 Ng4 31. Neg1 Qd7 32. Nh3 Rf7 33. Bd2 Bf6 34. Nhg5 Nxg5 35. hxg5 Be7 36. Nh4 Rxf1 37. Rxf1 Kg7 38. Rf3 Rf8 39. Qf1 Rxf3 40. Qxf3 Qd8 41. Nxg6 Kxg6 42. Qf5+ Kg7 43. Kh3 Qf8 44. Kh4 Qf7 45. b4 b6 46. a4 cxb4 47. Bxb4 Nh6 48. Qxf7+ Nxf7 49. Kxh5 Nd8 50. Bd2 Nb7 51. g6 Nc5 52. Bh6+ Kg8 53. Kg4 Nxe4 54. Kf5 Nc5 55. Be3 Nxa4 56. Ke6 Bf8 57. Kd7 Nb2 58. Bxb6 Nxc4 59. Bc7 e4 0-1

[Event "Arco op 34th"]
[Site "Arco"]
[Date "2012.10.17"]
[Round "5"]
[White "Bonagura, Stefano"]
[Black "Vezzosi, Paolo"]
[Result "0-1"]
[WhiteElo "2172"]
[BlackElo "2308"]
[PlyCount "92"]
[EventDate "2012.10.13"]
[EventType "swiss"]
[EventRounds "9"]
[EventCountry "ITA"]
[SourceTitle "EXT 2013"]
[Source "ChessBase"]
[SourceDate "2012.11.22"]
[SourceVersion "1"]
[SourceVersionDate "2012.11.22"]
[SourceQuality "1"]

1. c4 e5 2. g3 g6 3. Bg2 Bg7 4. Nc3 Ne7 5. e4 d6 6. Nge2 Be6 7. d3 0-0 8. 0-0 Nd7 9. b3 Nf6 10. d4 Re8 11. d5 Bd7 12. h3 Nh5 13. Be3 f5 14. Qd2 Kh8 15. Kh2 Ng8 16. exf5 gxf5 17. f4 Ngf6 18. Rae1 Rg8 19. fxe5 dxe5 20. Bg5 Qf8 21. d6 c6 22. b4 Qf7 23. Na4 Qxc4 24. Nc5 Rgf8 25. Rc1 Qg8 26. Bf3 Rf7 27. Nxb7 e4 28. Bxh5 Nxh5 29. Nc5 Be5 30. Bf4 Nxf4 31. gxf4 Bf6 32. Rg1 Qf8 33. Rg2 Rd8 34. Rcg1 Bc8 35. Nc3 Bg7 36. Rxg7 Rxg7 37. d7 Rxg1 38. Ne6 Rxd7 39. Nd5 Qg8 40. Qc3+ Rgg7 41. Nxg7 Rxg7 42. Ne3 Qxa2+ 43. Nc2 e3 44. Qxc6 Be6 45. h4 e2 46. Ne1 Qb3 0-1

[Event "Arco op 34th"]
[Site "Arco"]
[Date "2012.10.14"]
[Round "2"]
[White "Blasco, Domenico"]
[Black "Bonagura, Stefano"]
[Result "0-1"]
[WhiteElo "1920"]
[BlackElo "2172"]
[PlyCount "80"]
[EventDate "2012.10.13"]
[EventType "swiss"]
[EventRounds "9"]
[EventCountry "ITA"]
[SourceTitle "EXT 2013"]
[Source "ChessBase"]
[SourceDate "2012.11.22"]
[SourceVersion "1"]
[SourceVersionDate "2012.11.22"]
[SourceQuality "1"]

1. d4 d5 2. Nf3 Nf6 3. e3 c5 4. c4 e6 5. Nc3 Nc6 6. a3 a6 7. dxc5 Bxc5 8. b4 Be7 9. Bb2 0-0 10. Be2 dxc4 11. Qxd8 Rxd8 12. Bxc4 b5 13. Be2 e5 14. Rc1 Bb7 15. Nd2 Rd7 16. Nce4 Nxe4 17. Nxe4 Nxb4 18. Nc5 Bxc5 19. Rxc5 Nd3+ 20. Bxd3 Rxd3 21. Rxe5 Bxg2 22. Ke2 Rad8 23. Rb1 f6 24. Re7 Kf8 25. Ra7 Rd2+ 26. Ke1 Be4 27. Bc3 R2d3 28. Rc1 Kg8 29. Bd4 Bf3 30. Rxa6 Re8 31. Kf1 b4 32. Kg1 bxa3 33. h3 h5 34. Ra7 h4 35. Kh2 Rd2 36. Kg1 a2 37. Bc3 Re2 38. Bd4 Rb8 39. Rac7 Rb1 40. R7c5 Re1+ 0-1

[Event "Arco op 32nd"]
[Site "Arco"]
[Date "2010.10.21"]
[Round "6"]
[White "Delaunay, Sebastien"]
[Black "Bonagura, Stefano"]
[Result "1/2-1/2"]
[WhiteElo "2348"]
[BlackElo "2130"]
[PlyCount "43"]
[EventDate "2010.10.16"]
[EventType "swiss"]
[EventRounds "9"]
[EventCountry "ITA"]
[SourceTitle "CBM 138 Extra"]
[Source "ChessBase"]
[SourceDate "2010.10.29"]
[SourceVersion "1"]
[SourceVersionDate "2010.10.29"]
[SourceQuality "1"]

1. c4 c6 2. Nf3 d5 3. g3 Nf6 4. Bg2 Bf5 5. b3 e6 6. 0-0 Bd6 7. Bb2 0-0 8. d3 Bg6 9. Nbd2 Nbd7 10. Re1 e5 11. cxd5 cxd5 12. Nh4 Bh5 13. Nf5 Bc5 14. d4 exd4 15. Nf3 Ne4 16. Bxd4 Bxd4 17. Qxd4 Ndf6 18. Ne5 Re8 19. f3 Nd6 20. Nxd6 Qxd6 21. f4 Qb6 22. e3 1/2-1/2

[Event "Fermo op 1st"]
[Site "Fermo"]
[Date "2010.08.26"]
[Round "6"]
[White "Naumkin, Igor"]
[Black "Bonagura, Stefano"]
[Result "1-0"]
[WhiteElo "2484"]
[BlackElo "2160"]
[PlyCount "75"]
[EventDate "2010.08.21"]
[EventType "swiss"]
[EventRounds "9"]
[EventCountry "ITA"]
[SourceTitle "CBM 138 Extra"]
[Source "ChessBase"]
[SourceDate "2010.10.29"]
[SourceVersion "1"]
[SourceVersionDate "2010.10.29"]
[SourceQuality "1"]

1. d4 d5 2. c4 c6 3. Nf3 Nf6 4. Nc3 e6 5. e3 Nbd7 6. Qc2 Bd6 7. Bd3 0-0 8. 0-0 h6 9. c5 Bc7 10. e4 dxe4 11. Nxe4 Nxe4 12. Bxe4 e5 13. Be3 Qe7 14. Rfe1 Re8 15. Rad1 Kh8 16. h3 Nf6 17. Nxe5 Bxe5 18. dxe5 Nxe4 19. Qxe4 Be6 20. Rd6 Bd5 21. Qg4 Qxe5 22. Rxh6+ Kg8 23. Rh5 Qe4 24. Qg3 Qb4 25. Rd1 Re6 26. Rd4 Qe1+ 27. Kh2 Rxe3 28. Rdh4 g6 29. Rh8+ Kg7 30. R4h7+ Kf6 31. Qf4+ Ke6 32. Qxf7+ Ke5 33. Qe7+ Be6 34. Qd6+ Kf6 35. Qf4+ Bf5 36. fxe3 Rxh8 37. Qd6+ Be6 38. Qd4+ 1-0

[Event "Fermo op 1st"]
[Site "Fermo"]
[Date "2010.08.25"]
[Round "5"]
[White "Bonagura, Stefano"]
[Black "Martinez, Rolly"]
[Result "1/2-1/2"]
[WhiteElo "2160"]
[BlackElo "2423"]
[PlyCount "147"]
[EventDate "2010.08.21"]
[EventType "swiss"]
[EventRounds "9"]
[EventCountry "ITA"]
[SourceTitle "CBM 138 Extra"]
[Source "ChessBase"]
[SourceDate "2010.10.29"]
[SourceVersion "1"]
[SourceVersionDate "2010.10.29"]
[SourceQuality "1"]

1. c4 Nf6 2. g3 g6 3. Nc3 Bg7 4. Bg2 d6 5. d4 0-0 6. Nf3 Nc6 7. 0-0 a6 8. Re1 Rb8 9. Nh4 Nd7 10. e3 e5 11. Nd5 Re8 12. dxe5 Ndxe5 13. Qc2 Na5 14. b3 c6 15. Nc3 g5 16. Nf5 Bxf5 17. Qxf5 Nexc4 18. Ne4 Re5 19. Qh3 g4 20. Qxg4 f5 21. Qh3 fxe4 22. bxc4 Nxc4 23. Qg4 d5 24. h4 h5 25. Qe2 Rf5 26. Rb1 Ne5 27. Bh3 Qf8 28. Ba3 Qf6 29. Bb2 Nf3+ 30. Qxf3 Rxf3 31. Bxf6 Rxf6 32. Rb6 Rbf8 33. Re2 Rb8 34. Reb2 Rf7 35. Rb1 Rc7 36. Rxa6 Kf7 37. Rab6 Bf8 38. Rc1 Ra8 39. Rc2 Ra5 40. Rcb2 Ra7 41. Rc2 Kf6 42. Bf1 Ra5 43. Rcb2 Ke5 44. Rxb7 Rxb7 45. Rxb7 Rxa2 46. Rh7 c5 47. Rxh5+ Kd6 48. Rf5 Bg7 49. h5 c4 50. h6 Bb2 51. h7 Ra7 52. Rh5 Bh8 53. f3 c3 54. Rh2 Rb7 55. fxe4 dxe4 56. Rc2 Rb1 57. Ra2 Rb2 58. Ra8 c2 59. Rxh8 c1Q 60. Rd8+ Ke7 61. Re8+ Kd7 62. Rd8+ Kc7 63. Rc8+ Kxc8 64. h8Q+ Kb7 65. Qh7+ Kb8 66. Qxe4 Qd2 67. Qe5+ Kb7 68. Qe4+ Kc7 69. Qe5+ Kd8 70. Qf6+ Kc7 71. Qe5+ Kb7 72. Qe4+ Kb8 73. Qe5+ Ka7 74. Qc5+ 1/2-1/2

[Event "Venice Autumn op 15th"]
[Site "Venice"]
[Date "2009.10.31"]
[Round "2"]
[White "Bonagura, Stefano"]
[Black "Gerola, Fausto"]
[Result "0-1"]
[WhiteElo "2086"]
[BlackElo "2174"]
[PlyCount "114"]
[EventDate "2009.10.30"]
[EventType "swiss"]
[EventRounds "5"]
[EventCountry "ITA"]
[SourceTitle "EXT 2012"]
[Source "ChessBase"]
[SourceDate "2011.11.24"]
[SourceVersion "1"]
[SourceVersionDate "2011.11.24"]
[SourceQuality "1"]

1. d4 d5 2. Nf3 Nf6 3. c4 c6 4. g3 g6 5. Bg2 Bg7 6. 0-0 0-0 7. Ne5 dxc4 8. Na3 Nbd7 9. Naxc4 Nxe5 10. Nxe5 Nd7 11. f4 Qb6 12. Kh1 Nxe5 13. dxe5 Be6 14. Qa4 Rfd8 15. Qa3 Rd7 16. Bf3 a5 17. Be3 Qb5 18. Bc5 Bf8 19. Qc3 Rad8 20. a4 Qa6 21. b4 axb4 22. Qxb4 Bc4 23. Rfe1 f5 24. exf6 exf6 25. Bxf8 Rxf8 26. Rac1 Bf7 27. a5 Rfd8 28. Rb1 f5 29. Qb6 Ra8 30. Ra1 Bd5 31. Qxa6 Bxf3+ 32. exf3 Rxa6 33. Reb1 Kf7 34. Kg2 Ke7 35. g4 c5 36. Rb5 Rc7 37. Rc1 Rac6 38. Rcb1 Kd6 39. Rd1+ Ke6 40. Re1+ Kd5 41. Kf2 Kd4 42. Rd1+ Kc3 43. Rc1+ Kd2 44. Rc4 Kd3 45. Rc1 fxg4 46. fxg4 c4 47. Re5 c3 48. Re3+ Kd2 49. Rce1 c2 50. R1e2+ Kc1 51. Rb3 Rc3 52. Rb6 Rd3 53. Ke1 Rd1+ 54. Kf2 Rd2 55. f5 Kd1 56. Rxd2+ Kxd2 57. Rd6+ Kc3 0-1

[Event "Arco op 31st"]
[Site "Arco"]
[Date "2009.10.24"]
[Round "9"]
[White "Bonagura, Stefano"]
[Black "Dittmar, Peter"]
[Result "1/2-1/2"]
[WhiteElo "2086"]
[BlackElo "2357"]
[PlyCount "132"]
[EventDate "2009.10.17"]
[EventType "swiss"]
[EventRounds "9"]
[EventCountry "ITA"]
[SourceTitle "EXT 2010"]
[Source "ChessBase"]
[SourceDate "2010.11.25"]
[SourceVersion "1"]
[SourceVersionDate "2010.11.25"]
[SourceQuality "1"]

1. d4 Nf6 2. Nf3 e6 3. g3 b5 4. Bg2 Bb7 5. 0-0 c5 6. c3 d5 7. dxc5 Bxc5 8. b4 Be7 9. Nd4 a6 10. a4 bxa4 11. Qxa4+ Qd7 12. Nd2 0-0 13. N2b3 Nc6 14. Bg5 Nxd4 15. Nxd4 Qc7 16. Rfc1 Rfc8 17. Qb3 h6 18. Bxf6 Bxf6 19. e3 Qb6 20. Qa3 Rc7 21. Qa5 Qd6 22. c4 Bxd4 23. exd4 dxc4 24. Bxb7 Rxb7 25. Rxc4 Rab8 26. Qc5 Rb6 27. Ra5 Qd7 28. d5 exd5 29. Qxd5 Qxd5 30. Rxd5 Rxb4 31. Rc7 R4b7 32. Rxb7 Rxb7 33. Rd8+ Kh7 34. Ra8 Rb6 35. Ra7 Kg6 36. g4 Rf6 37. Kg2 h5 38. Kg3 hxg4 39. Kxg4 Rxf2 40. Rxa6+ f6 41. h4 Rg2+ 42. Kf3 Rg1 43. Ra8 Rb1 44. Rh8 Rb3+ 45. Kf4 Rb4+ 46. Kg3 f5 47. h5+ Kg5 48. Rh7 Rg4+ 49. Kf3 Kf6 50. h6 g5 51. Ra7 Rh4 52. Ra6+ Kf7 53. Rb6 Rh3+ 54. Kg2 g4 55. Kg1 Kg8 56. Rb5 Rh5 57. Rb6 Kf7 58. Kg2 f4 59. Rb4 Rf5 60. Rb7+ Kf6 61. Rg7 Rh5 62. Rxg4 Kf5 63. Rg8 Rxh6 64. Rf8+ Kg5 65. Rg8+ Kf6 66. Kf3 Ke5 1/2-1/2

[Event "Arco op 31st"]
[Site "Arco"]
[Date "2009.10.23"]
[Round "7"]
[White "Bonagura, Stefano"]
[Black "Ager, Josef"]
[Result "0-1"]
[WhiteElo "2086"]
[BlackElo "2226"]
[PlyCount "92"]
[EventDate "2009.10.17"]
[EventType "swiss"]
[EventRounds "9"]
[EventCountry "ITA"]
[SourceTitle "EXT 2010"]
[Source "ChessBase"]
[SourceDate "2010.11.25"]
[SourceVersion "1"]
[SourceVersionDate "2010.11.25"]
[SourceQuality "1"]

1. d4 g6 2. Nf3 Bg7 3. c4 d6 4. Nc3 Nc6 5. Bg5 Bg4 6. e3 h6 7. Bh4 g5 8. Bg3 e5 9. d5 Nce7 10. h3 Bh5 11. Qa4+ Qd7 12. Nb5 Kf8 13. e4 f5 14. Nd2 fxe4 15. Nxe4 Nf6 16. f3 Kf7 17. Qa5 Ne8 18. Bf2 a6 19. Rd1 Rc8 20. Na7 Ra8 21. c5 Qd8 22. cxd6 Nxd6 23. Nxd6+ cxd6 24. Qxd8 Rhxd8 25. Bb6 Rd7 26. Bd3 e4 27. 0-0 exd3 28. Rxd3 Bg6 29. Rd2 Be5 30. Kf2 Kg7 31. g3 Rf8 32. Kg2 h5 33. Be3 g4 34. hxg4 hxg4 35. f4 Be4+ 36. Kf2 Nxd5 37. Bd4 Bxd4+ 38. Rxd4 Nf6 39. Rc1 Rh8 40. Nc8 Rh2+ 41. Ke3 d5 42. Rb4 Nh5 43. Nb6 Nxg3 44. Rxe4 Nf5+ 45. Kd3 dxe4+ 46. Kxe4 Rf7 0-1

[Event "Arco op 31st"]
[Site "Arco"]
[Date "2009.10.18"]
[Round "2"]
[White "Franco Ocampos, Zenon"]
[Black "Bonagura, Stefano"]
[Result "1/2-1/2"]
[WhiteElo "2505"]
[BlackElo "2086"]
[PlyCount "70"]
[EventDate "2009.10.17"]
[EventType "swiss"]
[EventRounds "9"]
[EventCountry "ITA"]
[SourceTitle "EXT 2010"]
[Source "ChessBase"]
[SourceDate "2010.11.25"]
[SourceVersion "1"]
[SourceVersionDate "2010.11.25"]
[SourceQuality "1"]

1. d4 d5 2. Nf3 Nf6 3. c4 c6 4. e3 e6 5. b3 Nbd7 6. Bd3 Bd6 7. Bb2 0-0 8. 0-0 b6 9. Nc3 Bb7 10. Qe2 Qe7 11. e4 Nxe4 12. Nxe4 dxe4 13. Qxe4 f5 14. Qe2 c5 15. Rfe1 Rae8 16. Rad1 g6 17. Bc2 cxd4 18. Nxd4 e5 19. Nb5 Bb4 20. Rf1 Bc5 21. Qd2 Nf6 22. Qg5 Nh5 23. Qxe7 Rxe7 24. a3 a5 25. Rfe1 Nf4 26. Rxe5 Rfe8 27. Rde1 Rxe5 28. Rxe5 Rxe5 29. Bxe5 Nxg2 30. Kf1 Nh4 31. Bc7 Bg2+ 32. Ke2 Nf3 33. Bd3 Ng1+ 34. Ke1 Nf3+ 35. Ke2 Ng1+ 1/2-1/2

[Event "ITA-ch U20"]
[Site "Bratto"]
[Date "2005.08.23"]
[Round "4"]
[White "Bonagura, Stefano"]
[Black "Rorato, Giovanni"]
[Result "1/2-1/2"]
[WhiteElo "2018"]
[BlackElo "1706"]
[PlyCount "178"]
[EventDate "2005.08.20"]
[EventType "swiss"]
[EventRounds "9"]
[EventCountry "ITA"]
[SourceTitle "EXT 2006"]
[Source "ChessBase"]
[SourceDate "2005.11.24"]
[SourceVersion "1"]
[SourceVersionDate "2005.11.24"]
[SourceQuality "1"]

1. d4 Nf6 2. c4 g6 3. Nc3 Bg7 4. e4 d6 5. Nf3 0-0 6. Be2 e5 7. 0-0 Nc6 8. d5 Ne7 9. Ne1 Ne8 10. Be3 f5 11. f3 f4 12. Bf2 g5 13. a4 Ng6 14. a5 Rf7 15. c5 Bf8 16. Nd3 h5 17. b4 Rg7 18. Rc1 g4 19. Kh1 Qg5 20. Qd2 Qf6 21. cxd6 cxd6 22. Nb5 a6 23. Na3 Nh4 24. Ne1 g3 25. Bg1 Qg6 26. Rxc8 Rxc8 27. h3 Rgc7 28. b5 axb5 29. Nxb5 Rc1 30. Qb2 Qf7 31. Bd3 Qd7 32. Na7 R8c3 33. Bb5 Qd8 34. Bb6 Qb8 35. Kg1 Nc7 36. Ba4 Na6 37. Bc2 R3xc2 38. Nxc2 Rxf1+ 39. Kxf1 Qe8 40. Qb5 Kf7 41. Qxe8+ Kxe8 42. Nb5 Kd7 43. Nca3 Be7 44. Nc4 Ng6 45. Ba7 Nh8 46. Nb6+ Kd8 47. Na8 Nf7 48. Bb6+ Kd7 49. Nac7 Nd8 50. Nxa6 bxa6 51. Nc7 Nb7 52. Nxa6 Bd8 53. Nb8+ Kc8 54. Nc6 Bxb6 55. axb6 Nc5 56. Ne7+ Kb7 57. Nf5 Kxb6 58. Nxd6 Nd7 59. Ne8 Kc5 60. Ke2 Kb5 61. Ng7 Nf6 62. Kd3 Kc5 63. Ne6+ Kd6 64. Ng5 Kc5 65. Kc3 Kb5 66. Kb3 Kc5 67. Kc3 Kb5 68. Kd3 Kc5 69. h4 Kb5 70. d6 Kc6 71. Nf7 Nd7 72. Kc4 Nb6+ 73. Kb4 Nd7 74. Kb3 Kc5 75. Kc3 Kb5 76. Nh6 Kc6 77. Nf5 Nf6 78. Kc4 Nd7 79. Kb4 Nf6 80. Ka5 Nd7 81. Kb4 Nf6 82. Kc4 Nd7 83. Ng7 Nf6 84. d7 Kxd7 85. Kc5 Nxe4+ 86. Kd5 Nd2 87. Kxe5 Nxf3+ 88. Kxf4 Nxh4 89. Kxg3 Nxg2 1/2-1/2

[Event "ITA-ch U20"]
[Site "Bratto"]
[Date "2005.08.21"]
[Round "2"]
[White "Bonagura, Stefano"]
[Black "Lettieri, Giuseppe"]
[Result "0-1"]
[WhiteElo "2018"]
[BlackElo "2251"]
[PlyCount "154"]
[EventDate "2005.08.20"]
[EventType "swiss"]
[EventRounds "9"]
[EventCountry "ITA"]
[SourceTitle "EXT 2006"]
[Source "ChessBase"]
[SourceDate "2005.11.24"]
[SourceVersion "1"]
[SourceVersionDate "2005.11.24"]
[SourceQuality "1"]

1. d4 d5 2. c4 e6 3. Nc3 Nf6 4. Bg5 Be7 5. Nf3 c6 6. e3 Nbd7 7. cxd5 exd5 8. Bd3 0-0 9. 0-0 Re8 10. Qc2 Nf8 11. Rab1 a5 12. a3 g6 13. b4 axb4 14. axb4 Ne6 15. Bh4 Ng7 16. b5 Bf5 17. bxc6 bxc6 18. Ne5 Rc8 19. Rb7 Qd6 20. Bg3 Qe6 21. Rfb1 Bxd3 22. Qxd3 Nf5 23. Qa6 Nd6 24. Ra7 c5 25. Nc6 Bf8 26. dxc5 Nde4 27. Nxe4 Nxe4 28. Rb6 Bxc5 29. Rab7 Bxb6 30. Rxb6 Nc5 31. Qb5 Ra8 32. h3 Ne4 33. Be5 Rac8 34. Bd4 Qf5 35. Qb2 Re6 36. g4 Qxf2+ 37. Qxf2 Nxf2 38. Kxf2 Rexc6 39. Rb5 Rd8 40. g5 h6 41. gxh6 g5 42. Bg7 Rg6 43. Kf3 Rxg7 44. hxg7 Kxg7 45. Kg4 Kg6 46. Rb6+ f6 47. h4 gxh4 48. Kxh4 Kf5 49. Kg3 Rc8 50. Kf3 Rc3 51. Rb5 Ke5 52. Ke2 Ke4 53. Rb4+ Rc4 54. Rb6 Rc2+ 55. Kd1 Rf2 56. Ke1 Rf3 57. Kd2 Rf2+ 58. Ke1 Ra2 59. Re6+ Kd3 60. Kf1 Rh2 61. Re7 Rh5 62. Kf2 Rf5+ 63. Kg2 Re5 64. Rf7 Kxe3 65. Rxf6 d4 66. Kf1 Ra5 67. Re6+ Kd3 68. Rc6 Kd2 69. Rf6 d3 70. Kf2 Re5 71. Rf8 Kd1 72. Rc8 d2 73. Rc7 Rf5+ 74. Kg2 Ke2 75. Re7+ Kd3 76. Rd7+ Ke3 77. Re7+ Kd4 0-1

[Event "Lodi op 1st"]
[Site "Lodi"]
[Date "2005.06.12"]
[Round "4"]
[White "Bonagura, Stefano"]
[Black "Cereda, Loris"]
[Result "0-1"]
[WhiteElo "2018"]
[BlackElo "2054"]
[PlyCount "74"]
[EventDate "2005.06.10"]
[EventType "swiss"]
[EventRounds "5"]
[EventCountry "ITA"]
[SourceTitle "EXT 2007"]
[Source "ChessBase"]
[SourceDate "2006.11.23"]
[SourceVersion "1"]
[SourceVersionDate "2006.11.23"]
[SourceQuality "1"]

1. d4 Nf6 2. c4 e6 3. Nc3 d5 4. Bg5 Nbd7 5. e3 c6 6. cxd5 exd5 7. Bd3 Be7 8. Nf3 0-0 9. 0-0 Re8 10. Rb1 Ne4 11. Bxe7 Qxe7 12. Bxe4 dxe4 13. Nd2 Nf6 14. Qc2 Bf5 15. Na4 Rad8 16. b4 Ng4 17. Rfc1 Qh4 18. Nf1 Rd6 19. h3 Rh6 20. Ng3 Nxe3 21. Qd2 Bxh3 22. Qxe3 Bg4 23. f4 Bf3 24. Qf2 Rg6 25. Nf5 Qxf4 26. Ne3 Rd8 27. Kf1 Rh6 28. gxf3 Rh1+ 29. Ke2 Rh2 30. Ng2 exf3+ 31. Qxf3 Re8+ 32. Kf2 Qh4+ 33. Qg3 Qxd4+ 34. Kf3 Qd3+ 35. Kg4 f5+ 36. Kf4 Qe4+ 37. Kg5 h6+ 0-1